Gaming Quiz

Random Gaming or Video Games Quiz

Simpsons Tapped Out: 30 Minute Job Match Quiz Stats

Quiz not verified by Sporcle

Score 0/10 Timer 01:00
0 Plays Today
% Correct
Bumblebee Man
97.2%
Duffman
92.3%
Fat Tony
81.2%
Sideshow Mel
79.2%
Nelson
75.9%
Bart Simpson
71.1%
Kearney
69.4%
Rainier Wolfcastle
64.8%
Otto
63.9%
Mayor Quimby
58.9%

You're not logged in!

Compare scores with friends on all Sporcle quizzes.
Sign Up with Email
OR
Log In

You Might Also Like...

Show Comments

Extras

Top Quizzes Today


Score Distribution

Your Account Isn't Verified!

In order to create a playlist on Sporcle, you need to verify the email address you used during registration. Go to your Sporcle Settings to finish the process.